| 000 | 01779nam a2200397 i 4500 | ||
|---|---|---|---|
| 001 | ebr10802166 | ||
| 003 | CaPaEBR | ||
| 006 | m o d | ||
| 007 | cr cn||||||||| | ||
| 008 | 900412s1990 gw b ob 001 0 eng|d | ||
| 020 | _z0899256120 | ||
| 020 | _z3110122073 | ||
| 020 | _z9783110122077 | ||
| 020 | _a9783110847284 (e-book) | ||
| 040 |
_aCaPaEBR _beng _erda _epn _cCaPaEBR |
||
| 050 | 1 | 4 |
_aP295 _b.P35 1990eb |
| 082 | 0 | 4 |
_a415 _220 |
| 100 | 1 |
_aPayne, Doris L., _d1952- |
|
| 245 | 1 | 4 |
_aThe pragmatics of word order : _btypological dimensions of verb initial languages / _cDoris L. Payne. |
| 264 | 1 |
_aBerlin ; _aNew York : _bMouton de Gruyter, _c1990. |
|
| 300 |
_a1 online resource (312 pages) : _bmap. |
||
| 336 |
_atext _2rdacontent |
||
| 337 |
_acomputer _2rdamedia |
||
| 338 |
_aonline resource _2rdacarrier |
||
| 440 | 0 |
_aEmpirical approaches to language typology ; _v7 |
|
| 504 | _aIncludes bibliographical references (pages [281]-289) and index. | ||
| 588 | _aDescription based on print version record. | ||
| 590 | _aElectronic reproduction. Palo Alto, Calif. : ebrary, 2013. Available via World Wide Web. Access may be limited to ebrary affiliated libraries. | ||
| 650 | 0 |
_aGrammar, Comparative and general _xWord order. |
|
| 650 | 0 | _aTypology (Linguistics) | |
| 650 | 0 | _aPragmatics. | |
| 655 | 0 | _aElectronic books. | |
| 776 | 0 | 8 |
_iPrint version: _aPayne, Doris L. _tPragmatics of word order : typological dimensions of verb initial languages. _dBerlin : Mouton de Gruyter, 1990 _hxiv, 295 pages ; 24 cm. _kEmpirical approaches to language typology ; 7 _z9783110122077 _w(DLC) 90006041 |
| 797 | 2 | _aebrary. | |
| 856 | 4 | 0 |
_uhttp://site.ebrary.com/lib/rucke/Doc?id=10802166 _zAn electronic book accessible through the World Wide Web; click to view |
| 999 |
_c144958 _d144958 |
||